INTRODUCTION TO THE CONSTITUTION OF INDIA (Record no. 11273)

MARC details
000 -LEADER
fixed length control field 00310nam a22001337a 4500
003 - CONTROL NUMBER IDENTIFIER
control field SGT
082 ## - DEWEY DECIMAL CLASSIFICATION NUMBER
Classification number 342.095 4,BAS
100 ## - MAIN ENTRY--PERSONAL NAME
Personal name BASU,D.D.
245 ## - TITLE STATEMENT
Title INTRODUCTION TO THE CONSTITUTION OF INDIA
260 ## - PUBLICATION, DISTRIBUTION, ETC. (IMPRINT)
Place of publication, distribution, etc GURGAON
Name of publisher, distributor, etc LEXIS,NEXIS
Year of Publication 2014
300 ## - PAGE DESCRIPTION
No. of Pages 526
650 ## - SUBJECT ADDED ENTRY--TOPICAL TERM
Topical term or geographic name as entry element CONSTITUTION OF INDIA
942 ## - ADDED ENTRY ELEMENTS (KOHA)
Source of classification or shelving scheme Dewey Decimal Classification
Koha item type Books
Holdings
Withdrawn status Lost status Source of classification or shelving scheme Damaged status Not for loan Collection code Home library Current library Shelving location Date acquired Vendor Name Cost, normal purchase price SGTU Total Checkouts Total Renewals Full call number Accession No. (Barcode) Date last seen Date last borrowed Bill Date Koha item type
    Dewey Decimal Classification     LAW SGT Science & Social Sciences Library SGT Science & Social Sciences Library Text Book 23/03/2017 DONATE 295.00 SGTU 4 1 342.095 4,BAS FL689 13/03/2021 09/02/2021 23/03/2017 Books